[Event "BL2-West 1819"]
[Site "Germany"]
[Date "2018.11.25"]
[Round "3.6"]
[White "Repplinger, Marc"]
[Black "Linker, Walter"]
[Result "1/2-1/2"]
[WhiteElo "2201"]
[BlackElo "2078"]
[PlyCount "100"]
[EventDate "2018.11.21"]
[EventType "team-tourn"]
[EventRounds "9"]
[EventCountry "GER"]
[SourceTitle "CBM 190 Extra"]
[Source "ChessBase"]
[SourceDate "2019.07.15"]
[SourceVersion "1"]
[SourceVersionDate "2019.07.15"]
[SourceQuality "1"]
[WhiteTeam "Koblenz"]
[BlackTeam "Dortmund Hansa"]
[WhiteTeamCountry "GER"]
[BlackTeamCountry "GER"]

1. d4 Nf6 2. Nf3 e6 3. c4 b6 4. g3 Bb7 5. Bg2 Be7 6. 0-0 0-0 7. Re1 Ne4 8. Nfd2 d5 9. cxd5 exd5 10. Nxe4 dxe4 11. Nc3 f5 12. Bf4 Bd6 13. Bxd6 Qxd6 14. Rc1 a6 15. e3 Nd7 16. Qh5 Rac8 17. Red1 g6 18. Qh6 Nf6 19. h3 Kh8 20. Bf1 Rg8 21. Qg5 Kg7 22. Bc4 h6 23. Qf4 Qxf4 24. gxf4 Rge8 25. Kh2 g5 26. Ne2 g4 27. h4 Kg6 28. Bb3 Re7 29. Rd2 Rd8 30. Rdc2 Rc8 31. Ba4 Bd5 32. Bc6 Re6 33. Bxd5 Nxd5 34. Rc6 Rce8 35. Ng3 R8e7 36. a3 a5 37. R6c2 Re8 38. Nf1 Kf6 39. Kg3 h5 40. Nd2 R8e7 41. Nc4 Rc6 42. Kg2 Ree6 43. Ne5 Rxc2 44. Rxc2 Rd6 45. Rc1 Re6 46. Kf1 Rd6 47. Ke2 Re6 48. Rc4 Rd6 49. Rc2 Re6 50. Kd2 Rd6 1/2-1/2

[Event "Ruhrgebiet Regionalliga 1819"]
[Site "Nordrheinwestfalen"]
[Date "2018.09.30"]
[Round "2.7"]
[White "Linker, Walter"]
[Black "Friedrich, Patrick"]
[Result "0-1"]
[WhiteElo "2011"]
[BlackElo "1913"]
[PlyCount "60"]
[EventDate "2018.09.02"]
[EventType "team-tourn"]
[EventRounds "11"]
[EventCountry "GER"]
[SourceTitle "EXT 2022"]
[Source "ChessBase"]
[SourceDate "2021.10.06"]
[SourceVersion "1"]
[SourceVersionDate "2021.10.06"]
[SourceQuality "1"]
[WhiteTeam "Dortmund Hansa II"]
[BlackTeam "Borbeck Weisse Dame"]
[WhiteTeamCountry "GER"]
[BlackTeamCountry "GER"]

1. f4 d5 2. Nf3 Nf6 3. e3 Bg4 4. b3 Nbd7 5. Bb2 Bxf3 6. Qxf3 c6 7. d4 e6 8. Bd3 Bb4+ 9. c3 Be7 10. 0-0 Qb6 11. Nd2 h5 12. c4 Qa5 13. Qe2 g6 14. e4 Bb4 15. Nf3 dxe4 16. Bxe4 Nxe4 17. Qxe4 0-0 18. a3 Be7 19. Kh1 Nf6 20. Qe2 Qf5 21. Ne5 Rfe8 22. Rad1 Rad8 23. Qf2 Bf8 24. d5 cxd5 25. Qxa7 dxc4 26. Rxd8 Rxd8 27. Qxb7 Ne4 28. Nxc4 Qxf4 29. Ne3 Nf2+ 30. Rxf2 Qxf2 0-1

[Event "Ruhrgebiet Regionalliga 1718"]
[Site "Germany"]
[Date "2018.05.06"]
[Round "9.5"]
[White "Linker, Walter"]
[Black "Poetter, Clemens"]
[Result "1/2-1/2"]
[WhiteElo "2011"]
[BlackElo "2011"]
[PlyCount "24"]
[EventDate "2017.10.01"]
[EventType "team-tourn"]
[EventRounds "9"]
[EventCountry "GER"]
[SourceTitle "EXT 2022"]
[Source "ChessBase"]
[SourceDate "2021.10.06"]
[SourceVersion "1"]
[SourceVersionDate "2021.10.06"]
[SourceQuality "1"]
[WhiteTeam "Dortmund Hansa II"]
[BlackTeam "Borbeck Weisse Dame"]
[WhiteTeamCountry "GER"]
[BlackTeamCountry "GER"]

1. f4 d5 2. Nf3 Nf6 3. e3 Bg4 4. b3 g6 5. Bb2 Bg7 6. Be2 Nbd7 7. Ne5 Bxe2 8. Qxe2 Nxe5 9. Bxe5 0-0 10. 0-0 Nd7 11. Bxg7 Kxg7 12. d4 Nf6 1/2-1/2

[Event "Ruhrgebiet Regionalliga 1718"]
[Site "Germany"]
[Date "2018.04.15"]
[Round "8.4"]
[White "Linker, Walter"]
[Black "Arndt, Olaf"]
[Result "1-0"]
[WhiteElo "2027"]
[BlackElo "1876"]
[PlyCount "61"]
[EventDate "2017.10.01"]
[EventType "team-tourn"]
[EventRounds "9"]
[EventCountry "GER"]
[SourceTitle "EXT 2022"]
[Source "ChessBase"]
[SourceDate "2021.10.06"]
[SourceVersion "1"]
[SourceVersionDate "2021.10.06"]
[SourceQuality "1"]
[WhiteTeam "Dortmund Hansa II"]
[BlackTeam "Horst Emscher"]
[WhiteTeamCountry "GER"]
[BlackTeamCountry "GER"]

1. f4 d5 2. Nf3 Nf6 3. e3 c5 4. b3 Bf5 5. Bb2 e6 6. Ne5 a6 7. Be2 Be7 8. 0-0 0-0 9. g4 Bg6 10. f5 Ne4 11. fxg6 fxg6 12. Rxf8+ Qxf8 13. Qf1 Bf6 14. Nd3 Nc6 15. Bxf6 gxf6 16. Bf3 Ng5 17. Nc3 Qd6 18. Bg2 Kg7 19. Qf2 e5 20. h4 Nf7 21. Nxd5 Rf8 22. Rf1 Nh6 23. g5 Ng4 24. gxf6+ Kh8 25. Qg3 h5 26. c4 b5 27. Bh3 Nxf6 28. Rxf6 Rxf6 29. Nxf6 Qxf6 30. Qg5 Qf3 31. Qh6+ 1-0

[Event "Ruhrgebiet Regionalliga 1718"]
[Site "Germany"]
[Date "2018.02.11"]
[Round "6.5"]
[White "Linde, Wolfgang"]
[Black "Linker, Walter"]
[Result "1-0"]
[WhiteElo "2093"]
[BlackElo "2027"]
[PlyCount "77"]
[EventDate "2017.10.01"]
[EventType "team-tourn"]
[EventRounds "9"]
[EventCountry "GER"]
[SourceTitle "EXT 2022"]
[Source "ChessBase"]
[SourceDate "2021.10.06"]
[SourceVersion "1"]
[SourceVersionDate "2021.10.06"]
[SourceQuality "1"]
[WhiteTeam "Welper SV"]
[BlackTeam "Dortmund Hansa II"]
[WhiteTeamCountry "GER"]
[BlackTeamCountry "GER"]

1. e4 e5 2. Nf3 Nc6 3. Bb5 a6 4. Bxc6 dxc6 5. 0-0 Qd6 6. Na3 f6 7. Nc4 Qe6 8. b3 Bd6 9. d4 Ne7 10. dxe5 fxe5 11. Qd2 0-0 12. Rd1 Ng6 13. Nxd6 cxd6 14. Qxd6 Qg4 15. Qd3 Be6 16. h3 Qh5 17. Ng5 Rae8 18. Nxe6 Rxe6 19. Qd7 Ref6 20. Be3 Qe2 21. Rd2 Qb5 22. Rad1 Qb4 23. f3 h6 24. Qg4 Qc3 25. Kf2 Kh7 26. h4 Nf4 27. h5 R8f7 28. Bxf4 exf4 29. Kf1 Qe5 30. Rd8 Qc5 31. R1d7 Rxd7 32. Rxd7 Qf8 33. Rxb7 Rd6 34. e5 Rd1+ 35. Ke2 Rd5 36. Qg6+ Kh8 37. e6 Re5+ 38. Kf1 a5 39. Rf7 1-0

[Event "BL2-West 1718"]
[Site "Germany"]
[Date "2018.02.04"]
[Round "6.8"]
[White "Linker, Walter"]
[Black "Wickenfeld, Stefan"]
[Result "0-1"]
[WhiteElo "2098"]
[BlackElo "2183"]
[PlyCount "68"]
[EventDate "2017.10.08"]
[EventType "team-tourn"]
[EventRounds "9"]
[EventCountry "GER"]
[SourceTitle "CBM 183 Extra"]
[Source "ChessBase"]
[SourceDate "2018.04.19"]
[SourceVersion "1"]
[SourceVersionDate "2018.04.19"]
[SourceQuality "1"]
[WhiteTeam "Dortmund Hansa"]
[BlackTeam "Solingen"]
[WhiteTeamCountry "GER"]
[BlackTeamCountry "GER"]

1. f4 d5 2. Nf3 c5 3. e3 Nc6 4. Bb5 Bd7 5. b3 a6 6. Bxc6 Bxc6 7. Ne5 Qd6 8. 0-0 Nf6 9. Bb2 g6 10. d3 Bg7 11. Nxc6 Qxc6 12. Nd2 b5 13. Qe2 0-0 14. c4 Rfd8 15. Rac1 dxc4 16. dxc4 b4 17. Rcd1 a5 18. e4 Nxe4 19. Bxg7 Rxd2 20. Rxd2 Nxd2 21. Qxd2 Kxg7 22. Rd1 Qf6 23. Qd5 Rc8 24. g3 h5 25. Re1 e6 26. Qd7 Rd8 27. Qc7 Qd4+ 28. Kf1 a4 29. Rxe6 axb3 30. axb3 Qd1+ 31. Re1 Qf3+ 32. Kg1 Rd2 33. Qe5+ Kh7 34. Qe4 Qf2+ 0-1

[Event "Ruhrgebiet Regionalliga 1718"]
[Site "Germany"]
[Date "2018.01.21"]
[Round "5.4"]
[White "Koehn, Peter"]
[Black "Linker, Walter"]
[Result "1-0"]
[WhiteElo "2163"]
[BlackElo "2027"]
[PlyCount "73"]
[EventDate "2017.10.01"]
[EventType "team-tourn"]
[EventRounds "9"]
[EventCountry "GER"]
[SourceTitle "EXT 2022"]
[Source "ChessBase"]
[SourceDate "2021.10.06"]
[SourceVersion "1"]
[SourceVersionDate "2021.10.06"]
[SourceQuality "1"]
[WhiteTeam "Wattenscheid SV II"]
[BlackTeam "Dortmund Hansa II"]
[WhiteTeamCountry "GER"]
[BlackTeamCountry "GER"]

1. c4 f5 2. Nf3 Nf6 3. g3 c6 4. Bg2 e6 5. 0-0 Be7 6. b3 0-0 7. Bb2 d5 8. d3 a5 9. Nbd2 Na6 10. Qc2 Qe8 11. e4 Qh5 12. Rae1 fxe4 13. dxe4 Nb4 14. Qb1 Bc5 15. a3 Na6 16. Ne5 Nc7 17. Nd3 Ba7 18. Nf4 Qf7 19. Nf3 Nxe4 20. Ne5 Qe8 21. Rxe4 dxe4 22. Bxe4 Rf5 23. g4 Qe7 24. gxf5 Qg5+ 25. Ng2 exf5 26. h4 Qd2 27. Qd3 Qxd3 28. Bxd3 Na6 29. Rd1 Be6 30. Nf4 Nc5 31. Nxe6 Nxe6 32. Bxf5 Nf4 33. Rd7 Rf8 34. Ng6 hxg6 35. Rxg7+ Kh8 36. Rxb7+ Kg8 37. Rg7+ 1-0

[Event "Ruhrgebiet Regionalliga 1718"]
[Site "Germany"]
[Date "2017.10.01"]
[Round "1.6"]
[White "Linker, Walter"]
[Black "Wolff, Torsten"]
[Result "1/2-1/2"]
[WhiteElo "2027"]
[BlackElo "1892"]
[PlyCount "90"]
[EventDate "2017.10.01"]
[EventType "team-tourn"]
[EventRounds "9"]
[EventCountry "GER"]
[SourceTitle "EXT 2022"]
[Source "ChessBase"]
[SourceDate "2021.10.06"]
[SourceVersion "1"]
[SourceVersionDate "2021.10.06"]
[SourceQuality "1"]
[WhiteTeam "Dortmund Hansa II"]
[BlackTeam "Dortmund SV"]
[WhiteTeamCountry "GER"]
[BlackTeamCountry "GER"]

1. f4 Nf6 2. b3 g6 3. Bb2 Bg7 4. Nf3 0-0 5. e3 b6 6. Be2 Bb7 7. 0-0 d6 8. Na3 Nbd7 9. Nc4 Rc8 10. a4 a6 11. Qe1 Ne8 12. Bxg7 Kxg7 13. d3 e6 14. e4 c5 15. Qg3 d5 16. Ncd2 Qc7 17. Qh3 Qxf4 18. Rf2 f5 19. exf5 exf5 20. Bf1 Nef6 21. g3 Qc7 22. Re2 Rfe8 23. Rae1 Rxe2 24. Rxe2 Re8 25. Rxe8 Nxe8 26. Ng5 Nf8 27. Qh4 Qe7 28. Qf4 Qd6 29. Qf2 Nf6 30. h3 h6 31. Ngf3 N8d7 32. Bg2 b5 33. axb5 axb5 34. Nh4 Qe6 35. Nf1 Bc6 36. Qf4 d4 37. Qc7 Bxg2 38. Nxg2 g5 39. Qb7 Qe2 40. Qxb5 Ne5 41. Qb7+ Kg6 42. Nh2 Qd1+ 43. Nf1 Nf3+ 44. Kf2 Nd2 45. Ne1 h5 1/2-1/2

[Event "Ruhrgebiet Verbandsliga Gruppe 2 1617"]
[Site "Germany"]
[Date "2016.12.18"]
[Round "5.4"]
[White "Wallhof, Dieter"]
[Black "Linker, Walter"]
[Result "0-1"]
[WhiteElo "1834"]
[BlackElo "2022"]
[PlyCount "58"]
[EventDate "2016.09.04"]
[EventType "team-tourn"]
[EventRounds "9"]
[EventCountry "GER"]
[SourceTitle "EXT 2022"]
[Source "ChessBase"]
[SourceDate "2021.10.06"]
[SourceVersion "1"]
[SourceVersionDate "2021.10.06"]
[SourceQuality "1"]
[WhiteTeam "Welper SV II"]
[BlackTeam "Dortmund Hansa II"]
[WhiteTeamCountry "GER"]
[BlackTeamCountry "GER"]

1. Nf3 f5 2. b3 Nf6 3. Bb2 e6 4. c4 b6 5. e3 Bb7 6. Be2 Be7 7. 0-0 0-0 8. Qc2 a5 9. a3 Qe8 10. d3 Qg6 11. Nbd2 Na6 12. Rfc1 d6 13. Qd1 e5 14. Qf1 Qh6 15. d4 e4 16. Ne1 g5 17. Nc2 c5 18. dxc5 dxc5 19. Qe1 f4 20. Bf1 Rae8 21. Nb1 Bd6 22. h3 g4 23. Bxf6 Rxf6 24. Rd1 gxh3 25. Rxd6 Rxd6 26. exf4 e3 27. Nxe3 hxg2 28. Bxg2 Bxg2 29. Kxg2 Qg7+ 0-1

[Event "Ruhrgebiet Verbandsliga Gruppe 1 1516"]
[Site "Germany"]
[Date "2016.04.24"]
[Round "9.3"]
[White "Pruess, Wilfried"]
[Black "Linker, Walter"]
[Result "1/2-1/2"]
[WhiteElo "2068"]
[BlackElo "2008"]
[PlyCount "52"]
[EventDate "2015.09.06"]
[EventType "team-tourn"]
[EventRounds "9"]
[EventCountry "GER"]
[SourceTitle "EXT 2022"]
[Source "ChessBase"]
[SourceDate "2021.10.06"]
[SourceVersion "1"]
[SourceVersionDate "2021.10.06"]
[SourceQuality "1"]
[WhiteTeam "Hamm Koenigsspringer"]
[BlackTeam "Dortmund Hansa III"]
[WhiteTeamCountry "GER"]
[BlackTeamCountry "GER"]

1. Nf3 b6 2. g3 Bb7 3. Bg2 f5 4. d4 e6 5. 0-0 Nf6 6. c4 Be7 7. Nc3 Ne4 8. d5 Nxc3 9. bxc3 Bf6 10. Nd4 Bxd4 11. cxd4 exd5 12. Ba3 d6 13. Qc2 0-0 14. Rac1 Rf7 15. cxd5 Qf6 16. e3 Na6 17. Rfe1 Raf8 18. Qa4 Ra8 19. Rc2 Re7 20. Rec1 Qf7 21. Qc4 Rae8 22. Qa4 Ra8 23. Rc3 Kh8 24. Bb2 h6 25. a3 Nb8 26. Qc2 Na6 1/2-1/2

[Event "Ruhrgebiet Verbandsliga Gruppe 1 1516"]
[Site "Germany"]
[Date "2016.03.20"]
[Round "8.4"]
[White "Gierse, Heinz Dieter"]
[Black "Linker, Walter"]
[Result "0-1"]
[WhiteElo "1976"]
[BlackElo "2008"]
[PlyCount "34"]
[EventDate "2015.09.06"]
[EventType "team-tourn"]
[EventRounds "9"]
[EventCountry "GER"]
[SourceTitle "EXT 2022"]
[Source "ChessBase"]
[SourceDate "2021.10.06"]
[SourceVersion "1"]
[SourceVersionDate "2021.10.06"]
[SourceQuality "1"]
[WhiteTeam "Bottrop SV"]
[BlackTeam "Dortmund Hansa III"]
[WhiteTeamCountry "GER"]
[BlackTeamCountry "GER"]

1. e4 e5 2. Nf3 Nc6 3. d3 Nf6 4. g3 d5 5. Nbd2 dxe4 6. dxe4 Bd6 7. Bg2 Bg4 8. 0-0 Qd7 9. Re1 Bc5 10. c3 a5 11. Qa4 0-0 12. Qb5 Bd6 13. Nc4 Bxf3 14. Bxf3 Nd4 15. Qxd7 Nxf3+ 16. Kh1 Nxd7 17. Rd1 f5 0-1

[Event "Ruhrgebiet Verbandsliga Gruppe 1 1516"]
[Site "Germany"]
[Date "2016.02.21"]
[Round "7"]
[White "Happe, Ulrich"]
[Black "Linker, Walter"]
[Result "1-0"]
[WhiteElo "2009"]
[BlackElo "2008"]
[PlyCount "83"]
[EventDate "2015.09.06"]
[EventType "team-tourn"]
[EventRounds "9"]
[EventCountry "GER"]
[SourceTitle "EXT 2022"]
[Source "ChessBase"]
[SourceDate "2021.10.06"]
[SourceVersion "1"]
[SourceVersionDate "2021.10.06"]
[SourceQuality "1"]
[WhiteTeam "Steele/Kray Rochade"]
[BlackTeam "Dortmund Hansa III"]
[WhiteTeamCountry "GER"]
[BlackTeamCountry "GER"]

1. Nf3 d5 2. g3 c5 3. Bg2 Nc6 4. d4 Nf6 5. 0-0 e6 6. c4 Be7 7. cxd5 exd5 8. Nc3 Be6 9. Qa4 0-0 10. dxc5 Bxc5 11. Rd1 Qb6 12. e3 Rad8 13. Qc2 Be7 14. b3 Rc8 15. Bb2 Rfd8 16. Qe2 a6 17. Rac1 Qa5 18. h3 b5 19. Nd4 Nxd4 20. Rxd4 Bb4 21. Nd1 Bc5 22. Rxc5 Rxc5 23. b4 Qxa2 24. bxc5 Rc8 25. Rd2 Qa5 26. Bxf6 gxf6 27. Ra2 Qb4 28. Rxa6 Rxc5 29. Ra2 Rc1 30. Rc2 Ra1 31. Kh2 Qb1 32. Bf3 b4 33. Rb2 Qf5 34. Bg4 Qe4 35. Bf3 Qf5 36. Bg2 d4 37. exd4 b3 38. d5 Bd7 39. Rxb3 Ba4 40. Rb4 Kg7 41. Ne3 Qe5 42. Qg4+ 1-0

[Event "NRW Class2 1314"]
[Site "Germany"]
[Date "2014.04.27"]
[Round "9.5"]
[White "Linker, Walter"]
[Black "Haude, Ruediger"]
[Result "1/2-1/2"]
[WhiteElo "2050"]
[BlackElo "2030"]
[PlyCount "45"]
[EventDate "2013.09.15"]
[EventType "team-tourn"]
[EventRounds "9"]
[EventCountry "GER"]
[SourceTitle "EXT 2015"]
[Source "ChessBase"]
[SourceDate "2014.11.20"]
[SourceVersion "1"]
[SourceVersionDate "2014.11.20"]
[SourceQuality "1"]
[WhiteTeam "Dortmund Hansa II"]
[BlackTeam "Letmathe"]
[WhiteTeamCountry "GER"]
[BlackTeamCountry "GER"]

1. f4 d5 2. Nf3 c5 3. e3 Nc6 4. Bb5 Bg4 5. Bxc6+ bxc6 6. b3 e6 7. Bb2 Nf6 8. d3 Qb6 9. Qe2 c4 10. 0-0 Bc5 11. d4 Bd6 12. Nc3 0-0 13. h3 Bxf3 14. Qxf3 Nd7 15. Qe2 f5 16. Rfb1 cxb3 17. axb3 Rfb8 18. Ra6 Qc7 19. Rba1 Rb6 20. R6a2 Rb7 21. Ra6 Rb6 22. R6a2 Rb7 23. Ra6 1/2-1/2

[Event "NRW Class2 1314"]
[Site "Germany"]
[Date "2014.02.02"]
[Round "6.5"]
[White "Haves, Reinhard"]
[Black "Linker, Walter"]
[Result "1/2-1/2"]
[WhiteElo "2151"]
[BlackElo "2050"]
[PlyCount "28"]
[EventDate "2013.09.15"]
[EventType "team-tourn"]
[EventRounds "9"]
[EventCountry "GER"]
[SourceTitle "EXT 2015"]
[Source "ChessBase"]
[SourceDate "2014.11.20"]
[SourceVersion "1"]
[SourceVersionDate "2014.11.20"]
[SourceQuality "1"]
[WhiteTeam "Neuenkirchen"]
[BlackTeam "Dortmund Hansa II"]
[WhiteTeamCountry "GER"]
[BlackTeamCountry "GER"]

1. Nf3 f5 2. d4 Nf6 3. g3 b6 4. Bg2 Bb7 5. c4 e6 6. 0-0 Be7 7. Nc3 Ne4 8. Bd2 Nxd2 9. Qxd2 0-0 10. Rad1 Bb4 11. a3 Bxc3 12. Qxc3 Qf6 13. Qd2 d6 14. Qg5 Nd7 1/2-1/2

[Event "NRW Class2 1314"]
[Site "Germany"]
[Date "2013.11.17"]
[Round "3.5"]
[White "Linker, Walter"]
[Black "Kinderreich, Toni"]
[Result "0-1"]
[WhiteElo "2050"]
[BlackElo "2061"]
[PlyCount "52"]
[EventDate "2013.09.15"]
[EventType "team-tourn"]
[EventRounds "9"]
[EventCountry "GER"]
[SourceTitle "EXT 2015"]
[Source "ChessBase"]
[SourceDate "2014.11.20"]
[SourceVersion "1"]
[SourceVersionDate "2014.11.20"]
[SourceQuality "1"]
[WhiteTeam "Dortmund Hansa II"]
[BlackTeam "Wuerselen"]
[WhiteTeamCountry "GER"]
[BlackTeamCountry "GER"]

1. f4 c5 2. Nf3 b6 3. b3 Bb7 4. e3 Nf6 5. Bb2 e6 6. Be2 Be7 7. 0-0 d6 8. d3 Nbd7 9. a4 Nd5 10. Qd2 Bf6 11. c3 g5 12. c4 Nxe3 13. Qxe3 Bxb2 14. Ra2 gxf4 15. Qxf4 Qf6 16. Qd2 Bd4+ 17. Nxd4 Qxd4+ 18. Kh1 Ne5 19. Rf4 Bxg2+ 20. Kxg2 Rg8+ 21. Kh3 Qg1 22. Bf1 Qg5 23. Qf2 Ng4 24. Qf3 Qh5+ 25. Kg3 Nxh2+ 26. Kf2 Nxf3 0-1

[Event "Oberliga NRW 1213"]
[Site "Germany"]
[Date "2013.01.20"]
[Round "5.5"]
[White "Linker, Walter"]
[Black "Straeter, Timo"]
[Result "0-1"]
[WhiteElo "2026"]
[BlackElo "2350"]
[PlyCount "72"]
[EventDate "2012.09.16"]
[EventType "team-tourn"]
[EventRounds "9"]
[EventCountry "GER"]
[SourceTitle "EXT 2017"]
[Source "ChessBase"]
[SourceDate "2016.10.25"]
[SourceVersion "1"]
[SourceVersionDate "2016.10.25"]
[SourceQuality "1"]
[WhiteTeam "Dortmund Hansa II"]
[BlackTeam "Bochum Wattenscheid II"]
[WhiteTeamCountry "GER"]
[BlackTeamCountry "GER"]

1. f4 d5 2. Nf3 Nf6 3. e3 Bg4 4. b3 Nbd7 5. Bb2 e6 6. Be2 Bxf3 7. Bxf3 Bd6 8. d4 Qe7 9. 0-0 c5 10. c4 0-0 11. Nd2 Rac8 12. Rc1 cxd4 13. Bxd4 Ba3 14. Rc2 Bc5 15. Qa1 b5 16. Rfc1 Ba3 17. Bb2 dxc4 18. bxc4 e5 19. cxb5 Rxc2 20. Rxc2 exf4 21. e4 Bxb2 22. Qxb2 Ne5 23. Rc3 Qd6 24. Kh1 Nd3 25. Qc2 Nf2+ 26. Kg1 N2g4 27. h3 Ne5 28. a4 Qd4+ 29. Kh1 Qf2 30. Rc8 g5 31. Rxf8+ Kxf8 32. Qc3 Qe1+ 33. Kh2 g4 34. hxg4 Nexg4+ 35. Bxg4 Nxg4+ 36. Kh3 Nf2+ 0-1

[Event "Oberliga NRW 1213"]
[Site "Germany"]
[Date "2012.12.16"]
[Round "4.6"]
[White "Linker, Walter"]
[Black "Wessendorf, Thomas"]
[Result "0-1"]
[WhiteElo "2026"]
[BlackElo "2206"]
[PlyCount "70"]
[EventDate "2012.09.16"]
[EventType "team-tourn"]
[EventRounds "9"]
[EventCountry "GER"]
[SourceTitle "EXT 2017"]
[Source "ChessBase"]
[SourceDate "2016.10.25"]
[SourceVersion "1"]
[SourceVersionDate "2016.10.25"]
[SourceQuality "1"]
[WhiteTeam "Dortmund Hansa II"]
[BlackTeam "Katernberg II"]
[WhiteTeamCountry "GER"]
[BlackTeamCountry "GER"]

1. b3 e5 2. Bb2 Nc6 3. e3 Nf6 4. Nf3 e4 5. Nd4 Bc5 6. Be2 Nxd4 7. exd4 Bb6 8. c4 c6 9. 0-0 0-0 10. d3 d5 11. Na3 Re8 12. Nc2 Bc7 13. Ne3 Qd6 14. g3 Bh3 15. Re1 Ba5 16. Rf1 Bxf1 17. Qxf1 Qe6 18. Rd1 a6 19. dxe4 Nxe4 20. Bg4 Qd6 21. Qg2 g6 22. Bf3 f5 23. Be2 b5 24. Bd3 Rab8 25. Bc1 Rb7 26. Nc2 bxc4 27. bxc4 Rb1 28. Ne3 Ra1 29. Bxe4 Rxe4 30. Qf1 Rxa2 31. c5 Qd7 32. Qxa6 f4 33. gxf4 Rxe3 34. Bxe3 Qg4+ 35. Kf1 Qxd1+ 0-1

[Event "Dortmund Sparkassen op-A"]
[Site "Dortmund"]
[Date "2011.07.27"]
[Round "5"]
[White "Linker, Walter"]
[Black "Hobusch, Jan"]
[Result "1-0"]
[WhiteElo "2112"]
[BlackElo "1934"]
[PlyCount "73"]
[EventDate "2011.07.23"]
[EventType "swiss"]
[EventRounds "9"]
[EventCountry "GER"]
[SourceTitle "CBM 143 Extra"]
[Source "ChessBase"]
[SourceDate "2011.08.29"]
[SourceVersion "1"]
[SourceVersionDate "2011.08.29"]
[SourceQuality "1"]

1. f4 d5 2. Nf3 Nf6 3. e3 Bg4 4. Be2 Nbd7 5. b3 c6 6. 0-0 Qc7 7. d4 Bxf3 8. Bxf3 e6 9. c4 Be7 10. Nc3 0-0 11. g4 Nb6 12. g5 Ne8 13. c5 Nd7 14. e4 b6 15. cxb6 Nxb6 16. e5 c5 17. Be3 cxd4 18. Nb5 Qd7 19. Nxd4 Nc7 20. Be2 Ba3 21. Bd3 g6 22. Rb1 Bc5 23. Nf5 d4 24. Nh6+ Kh8 25. Bd2 Nbd5 26. Qe1 Ne3 27. Rf3 Ncd5 28. Qh4 Nc3 29. Re1 Qb7 30. Qh3 Nxa2 31. Bxe3 dxe3 32. Ng4 Nb4 33. Nf6 h5 34. Be4 Nd5 35. Nxh5 Rfd8 36. Nf6+ Kg7 37. Qh7+ 1-0

[Event "NRW Class1 1011"]
[Site "Germany"]
[Date "2010.09.26"]
[Round "1.6"]
[White "Linker, Walter"]
[Black "Rijnaarts, Sjef"]
[Result "0-1"]
[WhiteElo "2179"]
[BlackElo "2264"]
[PlyCount "96"]
[EventDate "2010.09.26"]
[EventType "team-tourn"]
[EventRounds "9"]
[EventCountry "GER"]
[SourceTitle "EXT 2012"]
[Source "ChessBase"]
[SourceDate "2011.11.24"]
[SourceVersion "1"]
[SourceVersionDate "2011.11.24"]
[SourceQuality "1"]
[WhiteTeam "Dortmund Hansa II"]
[BlackTeam "Emsdetten Turm II"]
[WhiteTeamCountry "GER"]
[BlackTeamCountry "GER"]

1. Nf3 Nf6 2. b3 g6 3. Bb2 Bg7 4. e3 0-0 5. d4 d6 6. Be2 e5 7. 0-0 e4 8. Nfd2 d5 9. c4 c6 10. Nc3 Re8 11. Qc2 Bg4 12. Rae1 Na6 13. a3 Nc7 14. Qd1 Bxe2 15. Qxe2 Ne6 16. f3 exf3 17. Qxf3 Qd7 18. Kh1 Ng5 19. Qf4 Nfe4 20. Ncxe4 Nxe4 21. Nf3 f6 22. Qh4 Qe6 23. Rc1 Nd6 24. cxd5 Qxd5 25. Nd2 Rxe3 26. Rce1 Rae8 27. Qf2 Rxe1 28. Rxe1 Rxe1+ 29. Qxe1 Kf7 30. Qg3 Bf8 31. Nf3 Qe4 32. Qf2 Qb1+ 33. Ng1 Ne4 34. Qe2 Bd6 35. g4 Qd3 36. b4 Qxe2 37. Nxe2 Nf2+ 38. Kg2 Nxg4 39. h3 Ne3+ 40. Kf3 Nc4 41. Bc1 Ke6 42. Nc3 f5 43. Ke2 a6 44. Kd3 b5 45. Ne2 Be7 46. Nf4+ Kd6 47. Ne2 g5 48. Ng3 Ke6 0-1

[Event "Ruhrgebiet Regionalliga 0910"]
[Site "Germany"]
[Date "2010.03.14"]
[Round "8.8"]
[White "Linker, Walter"]
[Black "Kowallik, Juergen"]
[Result "1-0"]
[WhiteElo "2142"]
[BlackElo "2078"]
[PlyCount "67"]
[EventDate "2009.09.06"]
[EventType "team-tourn"]
[EventRounds "9"]
[EventCountry "GER"]
[SourceTitle "EXT 2011"]
[Source "ChessBase"]
[SourceDate "2010.11.26"]
[SourceVersion "1"]
[SourceVersionDate "2010.11.26"]
[SourceQuality "1"]
[WhiteTeam "Dortmund Hansa II"]
[BlackTeam "Essen Ueberruhr"]
[WhiteTeamCountry "GER"]
[BlackTeamCountry "GER"]

1. b3 Nf6 2. Bb2 g6 3. e3 Bg7 4. f4 0-0 5. Nf3 d5 6. Be2 Bg4 7. 0-0 Nbd7 8. d3 Bxf3 9. Bxf3 c6 10. Nd2 Qc7 11. d4 h5 12. h3 e6 13. g4 hxg4 14. hxg4 g5 15. Bg2 Nh7 16. c4 f5 17. Bh3 Rac8 18. Rf2 Ndf6 19. Qf3 Ne4 20. Nxe4 dxe4 21. Qg2 gxf4 22. exf4 fxg4 23. Qxg4 Nf6 24. Qh4 Nh7 25. Raf1 Kh8 26. Rh2 Qd8 27. Qxd8 Rcxd8 28. Bxe6 c5 29. Bd5 Bxd4+ 30. Bxd4+ cxd4 31. Bxe4 Rd7 32. Rf3 Rg8+ 33. Kf2 Rgg7 34. Rfh3 1-0

[Event "Ruhrgebiet Regionalliga 0910"]
[Site "Germany"]
[Date "2009.09.06"]
[Round "1.7"]
[White "Brockmann, Fabian"]
[Black "Linker, Walter"]
[Result "0-1"]
[WhiteElo "2115"]
[BlackElo "2142"]
[PlyCount "50"]
[EventDate "2009.09.06"]
[EventType "team-tourn"]
[EventRounds "9"]
[EventCountry "GER"]
[SourceTitle "EXT 2011"]
[Source "ChessBase"]
[SourceDate "2010.11.26"]
[SourceVersion "1"]
[SourceVersionDate "2010.11.26"]
[SourceQuality "1"]
[WhiteTeam "Dortmund Hansa III"]
[BlackTeam "Dortmund Hansa II"]
[WhiteTeamCountry "GER"]
[BlackTeamCountry "GER"]

1. e4 e5 2. Nf3 Nc6 3. Bb5 a6 4. Bxc6 dxc6 5. 0-0 Qd6 6. d4 exd4 7. Nxd4 Bd7 8. e5 Qg6 9. Qe2 0-0-0 10. Be3 Nh6 11. Rd1 Ng4 12. Bf4 Bc5 13. b4 Bxb4 14. c3 Bc5 15. Nd2 Rhe8 16. Rab1 Bf5 17. N2b3 Bxd4 18. cxd4 Bxb1 19. Nc5 Rd5 20. Qb2 Rxc5 21. dxc5 Bf5 22. h3 Nh6 23. g4 Nxg4 24. Bg3 Nxe5 25. Qc3 Qh5 0-1